[Event "Saarland-ch D"]
[Site "Saarlouis Steinrausch"]
[Date "2005.03.23"]
[Round "6"]
[White "Daub, Philipp"]
[Black "Buchheit, Andreas"]
[Result "1-0"]
[WhiteElo "1261"]
[BlackElo "997"]
[PlyCount "107"]
[EventDate "2005.03.18"]
[EventType "swiss"]
[EventRounds "9"]
[EventCountry "GER"]
[SourceTitle "EXT 2012"]
[Source "ChessBase"]
[SourceDate "2011.11.24"]
[SourceVersion "1"]
[SourceVersionDate "2011.11.24"]
[SourceQuality "1"]

1. d4 d5 2. c4 c6 3. Nf3 Bf5 4. e3 e6 5. Nc3 Bb4 6. Bd2 Nf6 7. Be2 Nbd7 8. 0-0 0-0 9. a3 Bxc3 10. Bxc3 Ne4 11. Bb4 Re8 12. Nd2 a5 13. Nxe4 axb4 14. Ng3 bxa3 15. Rxa3 Bg6 16. Qb3 Qb6 17. Qa2 Qd8 18. Ra1 Rxa3 19. Qxa3 Nf6 20. Bf3 Qe7 21. c5 h6 22. Qb3 Rd8 23. Ra7 Rd7 24. Qb6 Bd3 25. Be2 Bxe2 26. Nxe2 Ne4 27. Qb4 b5 28. Ra8+ Kh7 29. Qa5 Rb7 30. Ra6 Qc7 31. Qxc7 Rxc7 32. f3 Nf6 33. Nc1 Nd7 34. Nb3 Nb8 35. Ra8 Nd7 36. Na5 g6 37. Rd8 Kg7 38. Nxc6 Rxc6 39. Rxd7 Kf8 40. Rb7 Ke8 41. Rxb5 Kd8 42. Kf2 Kc7 43. Ke2 Ra6 44. Kf2 f6 45. f4 f5 46. b4 g5 47. fxg5 hxg5 48. Kf3 Ra7 49. Rb6 Kd7 50. h3 Ra2 51. b5 Ra7 52. Rb8 Ra5 53. b6 Kc6 54. Rg8 1-0

[Event "Saarland-ch D"]
[Site "Saarlouis Steinrausch"]
[Date "2005.03.21"]
[Round "4"]
[White "Gerhardt, Elena"]
[Black "Daub, Philipp"]
[Result "0-1"]
[WhiteElo "1024"]
[BlackElo "1261"]
[PlyCount "111"]
[EventDate "2005.03.18"]
[EventType "swiss"]
[EventRounds "9"]
[EventCountry "GER"]
[SourceTitle "EXT 2012"]
[Source "ChessBase"]
[SourceDate "2011.11.24"]
[SourceVersion "1"]
[SourceVersionDate "2011.11.24"]
[SourceQuality "1"]

1. e4 c5 2. Nf3 d6 3. d4 cxd4 4. Nxd4 g6 5. Bb5+ Bd7 6. Bxd7+ Nxd7 7. 0-0 Bg7 8. c3 Ngf6 9. Na3 Nxe4 10. Re1 Nec5 11. Ndb5 0-0 12. Nd4 Nf6 13. b4 Na6 14. Bg5 Nc7 15. Rc1 a5 16. Qb3 Ncd5 17. Bxf6 Nxf6 18. bxa5 Rxa5 19. Nc4 Rc5 20. Ne3 Qd7 21. Ne2 e6 22. Red1 d5 23. c4 Rfc8 24. cxd5 Rxc1 25. Rxc1 Rxc1+ 26. Nxc1 exd5 27. g3 Bh6 28. Nd3 Bxe3 29. fxe3 Qe7 30. Nf4 Qc5 31. Kg2 Qc6 32. h3 d4+ 33. Kf1 Qf3+ 34. Ke1 Qxg3+ 35. Kd2 dxe3+ 36. Qxe3 Qxe3+ 37. Kxe3 Kf8 38. Kd4 Ke7 39. Kc5 Nd7+ 40. Kd4 Kd6 41. Nd3 f6 42. Nf4 Ne5 43. Ke3 Nc4+ 44. Kd4 Nd2 45. Ke3 Nc4+ 46. Kd4 b5 47. Nd5 f5 48. Nf6 h6 49. Ne8+ Kc6 50. Nf6 h5 51. Nh7 Nd6 52. Ng5 Kd7 53. h4 Ke7 54. Ke5 Nf7+ 55. Nxf7 Kxf7 56. Kf4 0-1